[Event "Sant Adria de Besos op 17th"]
[Site "Sant Adria de Besos"]
[Date "2023.05.21"]
[Round "5"]
[White "Calderon Gutierrez, Felipe"]
[Black "Lorca Cortada, David"]
[Result "0-1"]
[WhiteElo "1919"]
[BlackElo "2114"]
[PlyCount "72"]
[EventDate "2023.04.02"]
[EventType "swiss"]
[EventRounds "9"]
[EventCountry "ESP"]
[SourceTitle "EXT 2024"]
[Source "ChessBase"]
[SourceDate "2023.10.10"]
[SourceVersion "1"]
[SourceVersionDate "2023.10.10"]
[SourceQuality "1"]

1. c4 e6 2. Nc3 d5 3. d4 Be7 4. Nf3 Nf6 5. Bg5 0-0 6. e3 Nbd7 7. Qc2 a6 8. cxd5 exd5 9. Bd3 c6 10. 0-0 Re8 11. Rab1 Nf8 12. Ne5 g6 13. b4 Ne6 14. Bh4 Ng7 15. a4 Bf5 16. b5 axb5 17. axb5 c5 18. dxc5 Bxc5 19. Nf3 Be7 20. Nd4 Bxd3 21. Qxd3 Qd7 22. Ra1 Ne6 23. Nxe6 fxe6 24. Qd4 Kf7 25. Qd3 Rxa1 26. Rxa1 Rc8 27. Ne2 Rc4 28. Bg3 Qxb5 29. Rb1 Qa6 30. h3 Ne4 31. Be5 Rb4 32. Rd1 Qxd3 33. Rxd3 Rb1+ 34. Kh2 Nxf2 35. Rc3 Rh1+ 36. Kg3 Ne4+ 0-1

[Event "Sant Adria de Besos op 17th"]
[Site "Sant Adria de Besos"]
[Date "2023.05.07"]
[Round "3"]
[White "Calderon Gutierrez, Felipe"]
[Black "Ramon Serrano, Francisco Javier"]
[Result "1/2-1/2"]
[WhiteElo "1919"]
[BlackElo "2130"]
[PlyCount "89"]
[EventDate "2023.04.02"]
[EventType "swiss"]
[EventRounds "9"]
[EventCountry "ESP"]
[SourceTitle "EXT 2024"]
[Source "ChessBase"]
[SourceDate "2023.10.10"]
[SourceVersion "1"]
[SourceVersionDate "2023.10.10"]
[SourceQuality "1"]

1. e4 e6 2. d4 d5 3. Nd2 dxe4 4. Nxe4 Nd7 5. Nf3 Ngf6 6. Nxf6+ Nxf6 7. Bd3 b6 8. 0-0 Bb7 9. Bb5+ c6 10. Bd3 Be7 11. Bg5 0-0 12. Qe2 Qc7 13. Bh4 c5 14. dxc5 Qxc5 15. Rfe1 Qh5 16. Bg3 Bxf3 17. Qxf3 Qxf3 18. gxf3 Rad8 19. Rad1 Rd7 20. Bb5 Rxd1 21. Rxd1 Rd8 22. Rxd8+ Bxd8 23. Bh4 Kf8 24. b3 Ke7 25. Kf1 Kd6 26. Bd3 Be7 27. Bxf6 Bxf6 28. a4 h6 29. h3 Ke5 30. Kg2 Kd4 31. Kf1 Bh4 32. Bc4 Kc3 33. Bd3 Kd2 34. f4 a5 35. f5 e5 36. f3 Ke3 37. Kg2 Kf4 38. Be4 Be7 39. Bd3 Bf8 40. Be4 g6 41. fxg6 f5 42. Bc6 e4 43. fxe4 fxe4 44. Kf2 Bg7 45. Ke2 1/2-1/2

[Event "Barcelona Sant Marti op 10th"]
[Site "Barcelona"]
[Date "2023.02.23"]
[Round "7"]
[White "Fernandez Pisonero, Daniel"]
[Black "Calderon Gutierrez, Felipe"]
[Result "1-0"]
[WhiteElo "1700"]
[BlackElo "1718"]
[PlyCount "43"]
[EventDate "2023.01.12"]
[EventType "swiss"]
[EventRounds "9"]
[EventCountry "ESP"]
[SourceTitle "CBM 213 Extra"]
[Source "ChessBase"]
[SourceDate "2023.05.31"]
[SourceVersion "1"]
[SourceVersionDate "2023.05.31"]
[SourceQuality "1"]

1. e4 c6 2. d4 d5 3. f3 e6 4. Nc3 Nf6 5. e5 Nfd7 6. f4 c5 7. Nf3 Nc6 8. a3 a6 9. Be2 b5 10. Be3 Qb6 11. dxc5 Bxc5 12. Bxc5 Qxc5 13. Qd2 0-0 14. Bd3 Rb8 15. Rf1 a5 16. Qf2 b4 17. Bxh7+ Kxh7 18. Qh4+ Kg6 19. Qg5+ Kh7 20. Qh5+ Kg8 21. Ng5 Qe3+ 22. Ne2 1-0

[Event "Barcelona Sant Marti op 9th"]
[Site "Barcelona"]
[Date "2020.02.06"]
[Round "4"]
[White "Perez Garcia, Adria"]
[Black "Calderon Gutierrez, Felipe"]
[Result "1-0"]
[WhiteElo "2174"]
[BlackElo "1848"]
[PlyCount "29"]
[EventDate "2020.01.16"]
[EventType "swiss"]
[EventRounds "9"]
[EventCountry "ESP"]
[SourceTitle "CBM 195 Extra"]
[Source "ChessBase"]
[SourceDate "2020.05.31"]
[SourceVersion "1"]
[SourceVersionDate "2020.05.31"]
[SourceQuality "1"]

1. e4 c5 2. c3 Nf6 3. e5 Nd5 4. Nf3 Nc6 5. Bc4 Nb6 6. Bb3 d5 7. exd6 Qxd6 8. 0-0 Bf5 9. d4 cxd4 10. cxd4 Bxb1 11. Rxb1 g6 12. Ng5 e6 13. Qf3 Qd7 14. Qf6 Rg8 15. d5 1-0

[Event "Barcelona Sant Marti op 9th"]
[Site "Barcelona"]
[Date "2020.01.30"]
[Round "3"]
[White "Calderon Gutierrez, Felipe"]
[Black "Bellpuig Mencos, Gerard"]
[Result "1-0"]
[WhiteElo "1848"]
[BlackElo "1647"]
[PlyCount "67"]
[EventDate "2020.01.16"]
[EventType "swiss"]
[EventRounds "9"]
[EventCountry "ESP"]
[SourceTitle "CBM 195 Extra"]
[Source "ChessBase"]
[SourceDate "2020.05.31"]
[SourceVersion "1"]
[SourceVersionDate "2020.05.31"]
[SourceQuality "1"]

1. e4 Nf6 2. e5 Nd5 3. d4 d6 4. c4 Nb6 5. f4 dxe5 6. fxe5 Bf5 7. Nc3 e6 8. Nf3 Nc6 9. Be3 Na5 10. Be2 c5 11. d5 Qd7 12. b3 exd5 13. cxd5 a6 14. Qd2 Rc8 15. 0-0 Be7 16. d6 Bd8 17. Rf2 c4 18. b4 Nc6 19. a3 0-0 20. Raf1 Bg4 21. Bd4 Qe6 22. h3 Bxf3 23. Bxf3 Nxd4 24. Qxd4 Nd7 25. Bg4 Bb6 26. Bxe6 Bxd4 27. Bxd7 Bxf2+ 28. Rxf2 Rcd8 29. e6 fxe6 30. Bxe6+ Kh8 31. Rxf8+ Rxf8 32. Bxc4 Rf4 33. d7 Rd4 34. Nd5 1-0

[Event "Foment Martinenc op-A 18th"]
[Site "Barcelona"]
[Date "2016.06.11"]
[Round "8"]
[White "Calderon Gutierrez, Felipe"]
[Black "Cabot Muntane, Jordi"]
[Result "1/2-1/2"]
[WhiteElo "1868"]
[BlackElo "1860"]
[PlyCount "39"]
[EventDate "2016.04.23"]
[EventType "swiss"]
[EventRounds "9"]
[EventCountry "ESP"]
[SourceTitle "EXT 2017"]
[Source "ChessBase"]
[SourceDate "2016.10.25"]
[SourceVersion "1"]
[SourceVersionDate "2016.10.25"]
[SourceQuality "1"]

1. e4 g6 2. d4 Bg7 3. c4 d6 4. Nc3 Nd7 5. Nf3 e5 6. dxe5 dxe5 7. Be2 Ngf6 8. 0-0 0-0 9. h3 c6 10. Be3 Qc7 11. Qc2 Re8 12. Rfd1 b6 13. Rac1 Nf8 14. c5 b5 15. b4 a5 16. a3 h6 17. Rd6 N6d7 18. Rcd1 Kh7 19. Qb3 Ne6 20. g3 1/2-1/2

[Event "Foment Martinenc op-A 15th"]
[Site "Barcelona"]
[Date "2013.06.08"]
[Round "8"]
[White "Calderon Gutierrez, Felipe"]
[Black "Orteu Capdevila, Max"]
[Result "1-0"]
[WhiteElo "1870"]
[BlackElo "1531"]
[PlyCount "65"]
[EventDate "2013.04.20"]
[EventType "swiss"]
[EventRounds "9"]
[EventCountry "ESP"]
[SourceTitle "CBM 154 Extra"]
[Source "ChessBase"]
[SourceDate "2013.06.25"]
[SourceVersion "2"]
[SourceVersionDate "2013.06.25"]
[SourceQuality "1"]

1. c4 Nf6 2. Nf3 g6 3. Nc3 d5 4. cxd5 Nxd5 5. e4 Nxc3 6. bxc3 Bg7 7. d4 c5 8. Be3 Nc6 9. Qd2 Qa5 10. Be2 cxd4 11. cxd4 Qxd2+ 12. Kxd2 0-0 13. Rab1 b6 14. Rhc1 Bb7 15. d5 Rfd8 16. Ke1 Ne5 17. Rc7 Rd7 18. Rbc1 Rxc7 19. Rxc7 Nxf3+ 20. gxf3 Bc8 21. Bb5 Kf8 22. Bf4 e5 23. Bc6 Rb8 24. Bg5 f6 25. Bc1 a6 26. Ba3+ Kg8 27. Bd6 Bf8 28. Bxf8 Kxf8 29. Rxh7 f5 30. d6 Be6 31. Rh8+ Bg8 32. Bd5 Kg7 33. Rxg8+ 1-0